000 00811nam a22001937a 4500
003 0
005 20250206174642.0
008 250206b xxu||||| |||| 00| 0 eng d
050 _aGV 1580.S74
_b.As85 2023
100 _aAsiatico, Aaron Giles C.
245 _aStep in:
_bLedanz studio dance trainees and choreographers scheduling management mobile application
_cAaron Giles C. Asiatico
260 _aLas Pinas City
_bSouthville International School and Colleges
_c2023
300 _axi,147 pages:
_bcolored pictures and illustrations;
_c28cm.
500 _aBachelor of Science in Information Technology.
504 _aIncludes bibliographical references and appendices.
650 _aDance — Management and scheduling.
650 _aMobile applications — Scheduling and time management.
942 _2lcc
_cTH
999 _c367150
_d367150